West African Capitals - Statistics

General Stats
  • This quiz has been taken 78 times
  • The average score is 10 of 16
Answer Stats
Hint Answer % Correct
Nigeria Abuja
81%
Guinea-Bissau Bissau
81%
Ghana Accra
74%
Liberia Monrovia
71%
Senegal Dakar
68%
Mauritania Nouakchott
68%
Sierra Leone Freetown
65%
Niger Niamey
65%
Burkina Faso Ouagadougou
65%
Mali Bamako
61%
Guinea Conakry
61%
Gambia Banjul
55%
Togo Lome
55%
Cape Verde Praia
52%
Ivory Coast Yamoussoukro
52%
Benin Porto-Novo
48%
No matching quizzes found
Score Distribution
Percent of People with Each Score
Percentile by Number Answered
Your Score History
You have not taken this quiz